Online
Catalog

Historia de la cuestión fronteriza dominico-haitiana / (Record no. 2764)

MARC details
000 -CABECERA
campo de control de longitud fija 01208nam a2200289 u 4500
001 - NÚMERO DE CONTROL
campo de control 000002931
003 - IDENTIFICADOR DEL NÚMERO DE CONTROL
campo de control DO-SdBNP
005 - FECHA Y HORA DE LA ÚLTIMA TRANSACCIÓN
campo de control 20210802080313.0
008 - DATOS DE LONGITUD FIJA--INFORMACIÓN GENERAL
campo de control de longitud fija 090703s1988 dr ab r 000 0 spa d
040 ## - FUENTE DE LA CATALOGACIÓN
Centro catalogador/agencia de origen DO-SdBNP
Lengua de catalogación spa
Centro/agencia transcriptor BNPHU
082 ## - NÚMERO DE LA CLASIFICACIÓN DECIMAL DEWEY
Número de clasificación 341.42729307294
Número de documento/Ítem P349h, 1988
100 1# - ENTRADA PRINCIPAL--NOMBRE DE PERSONA
Nombre de persona Peña Batlle, Manuel Arturo,
Fechas asociadas al nombre 1902-1952
9 (RLIN) 8406
245 10 - MENCIÓN DE TÍTULO
Título Historia de la cuestión fronteriza dominico-haitiana /
Mención de responsabilidad, etc. Manuel Arturo Peña Batlle.
250 ## - MENCIÓN DE EDICIÓN
Mención de edición 2a ed. fascím.
260 ## - PUBLICACIÓN, DISTRIBUCIÓN, ETC.
Lugar de publicación, distribución, etc. Santo Domingo :
Nombre del editor, distribuidor, etc. Sociedad Dominicana de Bibliófilos,
Fecha de publicación, distribución, etc. 1988.
Lugar de fabricación/manufactura Amigo del Hogar
300 ## - DESCRIPCIÓN FÍSICA
Extensión v. :
Otras características físicas map. ;
Dimensiones 23 cm.
500 ## - NOTA GENERAL
Nota general La biblioteca posee el volumen 1
504 ## - NOTA DE BIBLIOGRAFÍA, ETC.
Nota de bibliografía, etc. Incluye referencias bibliográficas y notas al pie de las páginas.
533 ## - NOTA DE REPRODUCCIÓN
Tipo de reproducción Facsímil:
Lugar de la reproducción Ciudad Trujillo, República Dominicana :
Institución responsable de la reproducción Casa editora Luis Sánchez Andujar,
Fecha de la reproducción 1946
590 ## - NOTA LOCAL (RLIN)
Nota local Inventariado, 2018/BT
651 14 - PUNTO DE ACCESO ADICIONAL DE MATERIA--NOMBRE GEOGRÁFICO
Nombre geográfico República Dominicana
Subdivisión general Incidentes fronterizos
9 (RLIN) 8407
651 14 - PUNTO DE ACCESO ADICIONAL DE MATERIA--NOMBRE GEOGRÁFICO
Nombre geográfico Haití
Subdivisión general Incidentes fronterizos
9 (RLIN) 8408
651 14 - PUNTO DE ACCESO ADICIONAL DE MATERIA--NOMBRE GEOGRÁFICO
Nombre geográfico República Dominicana
Subdivisión general Historia
-- Limites
Subdivisión geográfica Haití
9 (RLIN) 8409
651 14 - PUNTO DE ACCESO ADICIONAL DE MATERIA--NOMBRE GEOGRÁFICO
Nombre geográfico Haití
Subdivisión general Historia
-- Limites
Subdivisión geográfica República Dominicana
9 (RLIN) 8410
910 ## - DATOS DE OPCIÓN DEL USUARIO (OCLC)
Datos de opción del usuario Validado. Control de calidad. EMS
942 ## - ELEMENTOS DE PUNTO DE ACCESO ADICIONAL (KOHA)
Fuente del sistema de clasificación o colocación Dewey Decimal Classification
Tipo de ítem Koha Libro
Holdings
Estado de retiro Estado de pérdida Restricciones de uso No para préstamo Código de colección Localización permanente Ubicación/localización actual Ubicación en estantería Fecha de adquisición Número de inventario Total de préstamos Signatura topográfica completa Código de barras Fecha visto por última vez Precio válido a partir de Tipo de ítem Koha Nota pública
        Patrimonio Dominicano General General Depósito 06.07.2009 LF1   341.42729307294 P349h, 1988 | v. 1, e. 3 2931-30 25.06.2020 25.06.2020 Libro y Folleto Colección Patrimonio Dominicano  
        Patrimonio Dominicano General General Depósito 03.09.2009 LF1   341.42729307294 P349h, 1988 | v. 1, e. 4 2931-40 25.06.2020 25.06.2020 Libro y Folleto Colección Patrimonio Dominicano  
        Patrimonio Dominicano General General Depósito 28.03.2011 LF1   341.42729307294 P349h, 1988 | v. 1, e. 5 2931-50 25.06.2020 25.06.2020 Libro y Folleto Colección Patrimonio Dominicano Perteneció a la biblioteca personal de Josefina Garrido de C.
      Excluido de préstamo Patrimonio Dominicano Patrimonio Dominicano Patrimonio Dominicano Depósito 06.07.2009 LF1   341.42729307294 P349h, 1988 | v. 1 2931-10 25.06.2020 25.06.2020 Libro y Folleto Colección Patrimonio Dominicano Perteneció a la biblioteca personal de Germán Emilio Ornes
      Excluido de préstamo Patrimonio Dominicano Patrimonio Dominicano Patrimonio Dominicano Depósito 06.07.2009 LF1   341.42729307294 P349h, 1988 | v. 1, e. 2 2931-20 25.06.2020 25.06.2020 Libro y Folleto Colección Patrimonio Dominicano  

Powered by Koha